000 01738nam a2200361 c 4500
003 BLK
005 20241223124722.0
008 180411b bul|||||r ||||||| ||bul||
010 _aKNG00197896000
040 _aBLK
041 _aBUL
_cBUL
080 _aФренска литература
_b821.133.1
_x(081.2)
_z821.133.1(081.2)
080 _aФренска литература
_b821.133.1
_x-31
_z821.133.1-31
100 1 _aЮго, Виктор
_eпърви автор
_9366073
700 1 _aГенов, Гено
_eред. кол.
_9363496
700 1 _aХаджикосев, Симеон
_eпредг. от
_9367693
700 1 _aСталева, Лилия
_eпрев. на том
_9368569
139 _aЮго, Виктор
_bЮ 13
245 1 0 _aИзбрани творби
_bВ 8 т. За том: Роман : Ч. 1 - 3
_cВиктор Юго; ред. кол. Гено Генов; предг. от Симеон Хаджикосев; прев. на том Лилия Сталева.
_nТ. 2
_pКлетниците
257 _aFRA
260 София
_bНар. култура
_c1988 -
300 _c21 см
380 _aX
500 _aДруги ред. : Г. Цанков, Ив. Теофилов, С. Хаджикосев ; Пълното име на ред. Г. Цанков е Георги Цанков Цанев.
653 _aромани
760 1 _aЮго, Виктор
_d1988
_h799 с.
_nОриг. загл. Les miserables / Victor Hugo.
_tТ. 2 Клетниците
852 _aЦб 151965
856 4 _qpdf
_u
856 4 _qpdf
_u
942 _cKNG
_n0
_012
944 _aCR
_c14.12.2016
_lЦветелина Шанова
_k30531
944 _aED
_c19.12.2017
_lф /
_kЛюдмила_Стоянова
999 _c188875
_d188875